| 000 | 00831nam a2200205 a 4500 | ||
|---|---|---|---|
| 003 | 0 | ||
| 005 | 20250311144319.0 | ||
| 008 | 080728s19uu xx 00 eng d | ||
| 050 |
_aPGS LB 1027.23 _b.Y65 2008 |
||
| 100 | _aYoshida, Yuji. | ||
| 245 |
_aThe favorite subject of lower school students of the International Learning Center of Southville International Schools and Colleges / _cYuji Yoshida. |
||
| 260 |
_aLas PiƱas City, Philippines : _bSouthville International School and Colleges, _c2008. |
||
| 300 |
_a22 pages : _billustrations ; _c28 cm. |
||
| 504 | _aIncludes bibliographical references. | ||
| 650 |
_aStudent interests _vEducation. |
||
| 650 | _aMotivation in education. | ||
| 650 | _aCurriculum preferences of students. | ||
| 650 |
_aEducation, Elementary _vStudent attitudes. |
||
| 942 |
_2lcc _cPASS |
||
| 999 |
_c97971 _d97971 |
||